| 000 | 00642nam a22002177a 4500 | ||
|---|---|---|---|
| 003 | OSt | ||
| 005 | 20240220101222.0 | ||
| 008 | 170614t xxu||||| |||| 00| 0 eng d | ||
| 020 | _a9781118915646 | ||
| 040 | _c0 | ||
| 082 |
_a016.72 _bMAS |
||
| 245 | 0 | 0 |
_aMass-customised cities. _cTom Verebes [Editor] _hVol:85 |
| 260 | _c2015 | ||
| 300 |
_a136P.: _bill; _c28 cm. |
||
| 440 |
_aArchitectural design _nv. 85, no. 6 _9120747 |
||
| 650 |
_aArchitecture, Modern _932028 |
||
| 650 |
_aMass production _9120748 |
||
| 650 |
_aComputer-aided design _99509 |
||
| 700 | 1 |
_aVerebes, Tom . _b[Editor] _9120749 |
|
| 942 |
_2ddc _cBK _aSADA _k016.72 MAS 2015 |
||
| 999 |
_c607868 _d607868 |
||